[Event "Africa-ch"]
[Site "Giza"]
[Date "2023.05.07"]
[Round "2"]
[White "Abdel Razik, Khaled"]
[Black "Gabr, Mohsen"]
[Result "1/2-1/2"]
[WhiteElo "2384"]
[BlackElo "2200"]
[PlyCount "93"]
[EventDate "2023.05.06"]
[EventType "swiss"]
[EventRounds "9"]
[EventCountry "EGY"]
[SourceTitle "CBM 214 Extra"]
[Source "ChessBase"]
[SourceDate "2023.07.31"]
[SourceVersion "1"]
[SourceVersionDate "2023.07.31"]
[SourceQuality "1"]

1. d4 d5 2. c4 e6 3. Nf3 Nf6 4. g3 c6 5. Bg2 Nbd7 6. Nbd2 Bd6 7. 0-0 0-0 8. Qc2 Qe7 9. e4 dxe4 10. Nxe4 Nxe4 11. Qxe4 e5 12. c5 exd4 13. Qxd4 Bxc5 14. Qc3 Bb6 15. Bf4 Qc5 16. Qd2 Ba5 17. Qd3 Qh5 18. Qa3 Bb6 19. Rae1 Qa5 20. Qd3 Nf6 21. Be5 Be6 22. Ng5 Rad8 23. Qf3 Ng4 24. Nxe6 Nxe5 25. Rxe5 Qxe5 26. Nxf8 Kxf8 27. b4 Rd2 28. a4 a6 29. Kh1 g6 30. h3 h5 31. h4 Qd4 32. b5 axb5 33. axb5 cxb5 34. Qa3+ Bc5 35. Qa8+ Kg7 36. Qxb7 Rxf2 37. Qxb5 Rf5 38. Qe2 Qe5 39. Qxe5+ Rxe5 40. Bf3 f5 41. Kg2 Re7 42. Bxh5 gxh5 43. Rxf5 Re2+ 44. Kh3 Bd6 45. Rxh5 Re3 46. Rg5+ Kf6 47. Kg2 1/2-1/2

[Event "Cairo Egyptian op"]
[Site "Cairo"]
[Date "2015.11.24"]
[Round "11"]
[White "Kandil, Adham"]
[Black "Abdel Razik, Khaled"]
[Result "1-0"]
[WhiteElo "2222"]
[BlackElo "2418"]
[PlyCount "69"]
[EventDate "2015.11.15"]
[EventType "swiss"]
[EventRounds "11"]
[EventCountry "EGY"]
[SourceTitle "EXT 2017"]
[Source "ChessBase"]
[SourceDate "2016.10.25"]
[SourceVersion "1"]
[SourceVersionDate "2016.10.25"]
[SourceQuality "1"]

1. Nf3 f5 2. g3 Nf6 3. Bg2 g6 4. 0-0 Bg7 5. d3 d6 6. c4 0-0 7. Qc2 Nc6 8. a3 e5 9. Nc3 h6 10. Ne1 g5 11. f4 gxf4 12. gxf4 Nh5 13. fxe5 dxe5 14. e3 Be6 15. Nd5 Nf6 16. Nxf6+ Rxf6 17. b4 Rg6 18. Rb1 Qg5 19. Kh1 Rf8 20. Nf3 Qh5 21. b5 Nd8 22. d4 e4 23. Ng1 Rg4 24. Qe2 f4 25. exf4 Bxd4 26. Bb2 Bc5 27. Bxe4 Bf5 28. Bf3 Bxb1 29. Bxg4 Qg6 30. f5 Bxf5 31. Bxf5 Rxf5 32. Qd3 Rxf1 33. Qxg6+ Kf8 34. Qg7+ Ke8 35. Qe5+ 1-0

[Event "Africa-ch"]
[Site "Cairo"]
[Date "2015.05.08"]
[Round "7"]
[White "Adly, Ahmed"]
[Black "Abdel Razik, Khaled"]
[Result "1-0"]
[WhiteElo "2593"]
[BlackElo "2430"]
[PlyCount "109"]
[EventDate "2015.05.02"]
[EventType "swiss"]
[EventRounds "9"]
[EventCountry "EGY"]
[SourceTitle "CBM 166 Extra"]
[Source "ChessBase"]
[SourceDate "2015.06.18"]
[SourceVersion "1"]
[SourceVersionDate "2015.06.18"]
[SourceQuality "1"]

1. Nf3 Nf6 2. c4 c5 3. g3 d5 4. Bg2 Nc6 5. 0-0 e5 6. Qa4 Bd7 7. cxd5 Nxd5 8. Nxe5 Nxe5 9. Qe4 Qc7 10. Qxd5 Bc6 11. Qb3 h5 12. Bxc6+ Nxc6 13. Nc3 0-0-0 14. d3 h4 15. Bg5 Re8 16. Qd5 Re5 17. Bf4 Rxd5 18. Bxc7 Rdh5 19. Bf4 hxg3 20. Bxg3 Nd4 21. Kg2 Kd7 22. e3 Nf5 23. Kf3 Bd6 24. Ne4 b6 25. Rfd1 Be5 26. d4 cxd4 27. Bxe5 Nh4+ 28. Ke2 Rxe5 29. Rxd4+ Ke7 30. Rad1 Rc8 31. Nd6 Rc2+ 32. Kd3 Rxf2 33. Nc8+ Ke6 34. Rxh4 Rxb2 35. Rd2 Rxd2+ 36. Kxd2 Ra5 37. a4 Kd7 38. Rc4 g5 39. h3 f5 40. Ke2 Ra6 41. Kf2 Ra5 42. Kf3 Ra6 43. e4 b5 44. axb5 Ra3+ 45. Kg2 Ra2+ 46. Kg1 Ra1+ 47. Kf2 Ra2+ 48. Ke3 Ra3+ 49. Kd4 fxe4 50. Kxe4 Rxh3 51. Nxa7 Rh4+ 52. Kd5 g4 53. b6 Rh5+ 54. Ke4 Rh4 55. b7 1-0

[Event "Africa-ch"]
[Site "Cairo"]
[Date "2015.05.03"]
[Round "2"]
[White "Amin, Bassem"]
[Black "Abdel Razik, Khaled"]
[Result "1-0"]
[WhiteElo "2633"]
[BlackElo "2430"]
[PlyCount "91"]
[EventDate "2015.05.02"]
[EventType "swiss"]
[EventRounds "9"]
[EventCountry "EGY"]
[SourceTitle "CBM 166 Extra"]
[Source "ChessBase"]
[SourceDate "2015.06.18"]
[SourceVersion "1"]
[SourceVersionDate "2015.06.18"]
[SourceQuality "1"]

1. e4 e6 2. d3 d5 3. Nd2 c5 4. g3 Bd6 5. Qg4 Bf8 6. Qe2 Nc6 7. c3 Nf6 8. Ngf3 Be7 9. Bg2 b6 10. 0-0 a5 11. a4 Ba6 12. e5 Nd7 13. h4 Qc7 14. Re1 h6 15. Nb1 c4 16. d4 b5 17. axb5 Bxb5 18. Nfd2 Ba6 19. f4 g5 20. f5 gxh4 21. Qh5 0-0-0 22. Qxf7 Nc5 23. f6 Rdf8 24. Qh5 Nd3 25. fxe7 Nxe7 26. Rd1 Nf5 27. Nf1 Rhg8 28. Rxd3 cxd3 29. Bf4 Nxg3 30. Bxg3 hxg3 31. Nbd2 Rg5 32. Qxh6 Qf7 33. Qf6 Qxf6 34. exf6 Rxf6 35. Rxa5 Kb7 36. b4 Kb6 37. c4 Bxc4 38. Nxc4+ dxc4 39. Rxg5 Rf5 40. Rxf5 exf5 41. Ne3 Kb5 42. Nd5 c3 43. Nxc3+ Kxb4 44. Nd1 Kc4 45. d5 Kc5 46. Kf1 1-0

[Event "Africa-ch qual"]
[Site "Cairo"]
[Date "2015.04.27"]
[Round "3"]
[White "Abdel Razik, Khaled"]
[Black "Sarwat, Walaa"]
[Result "1-0"]
[WhiteElo "2430"]
[BlackElo "2354"]
[PlyCount "89"]
[EventDate "2015.04.24"]
[EventType "tourn"]
[EventRounds "5"]
[EventCountry "EGY"]
[EventCategory "5"]
[SourceTitle "CBM 166 Extra"]
[Source "ChessBase"]
[SourceDate "2015.06.18"]
[SourceVersion "1"]
[SourceVersionDate "2015.06.18"]
[SourceQuality "1"]

1. d4 d5 2. Nf3 Nf6 3. e3 g6 4. Bd3 Bg7 5. Nbd2 0-0 6. b4 b6 7. Bb2 Bb7 8. c4 dxc4 9. Nxc4 Nd5 10. Qb3 Nd7 11. 0-0 Rb8 12. Rfd1 c5 13. dxc5 Bxb2 14. Nxb2 bxc5 15. Bc4 e6 16. b5 Qf6 17. a4 Rfd8 18. Rac1 g5 19. Be2 Rbc8 20. Nc4 N7b6 21. Nfe5 Nxc4 22. Nxc4 Nb4 23. Nd6 Bd5 24. Rxd5 exd5 25. Nxc8 Rxc8 26. a5 Qd6 27. Qd1 Re8 28. h3 Re7 29. Qd2 h6 30. Bf3 f5 31. Rd1 Rd7 32. Qc3 Qe7 33. g4 fxg4 34. Bxg4 Rd8 35. Rc1 c4 36. Rb1 Nd3 37. b6 Rb8 38. Qd4 Qf7 39. e4 Nf4 40. exd5 h5 41. Qe5 Re8 42. Qxg5+ Kh8 43. b7 Qf8 44. b8Q Rxb8 45. Qe5+ 1-0

[Event "Africa-ch qual"]
[Site "Cairo"]
[Date "2015.04.25"]
[Round "1"]
[White "Abdel Razik, Khaled"]
[Black "Elgabry, Mohsen"]
[Result "0-1"]
[WhiteElo "2430"]
[BlackElo "2325"]
[PlyCount "96"]
[EventDate "2015.04.24"]
[EventType "tourn"]
[EventRounds "5"]
[EventCountry "EGY"]
[EventCategory "5"]
[SourceTitle "CBM 166 Extra"]
[Source "ChessBase"]
[SourceDate "2015.06.18"]
[SourceVersion "1"]
[SourceVersionDate "2015.06.18"]
[SourceQuality "1"]

1. c4 Nf6 2. Nf3 e6 3. g3 d5 4. Bg2 dxc4 5. Qa4+ Nfd7 6. 0-0 Be7 7. Qxc4 0-0 8. d4 Nb6 9. Qc2 Nc6 10. Rd1 a5 11. e4 a4 12. Nc3 Nb4 13. Qe2 c6 14. a3 Na6 15. Be3 Re8 16. h4 Nb8 17. Ne5 N8d7 18. f4 Qc7 19. Rac1 f6 20. Nf3 Nf8 21. Bf2 Bd7 22. Qf1 Ra5 23. Kh2 Rh5 24. e5 f5 25. Qe2 Rh6 26. d5 Nxd5 27. Nxd5 exd5 28. Rxd5 Be6 29. Rd2 Kh8 30. Nd4 g5 31. g4 fxg4 32. f5 gxh4 33. Qxg4 Qxe5+ 34. Kh1 h3 35. Bf1 Qd5+ 36. Nf3 Qxf5 37. Qxf5 Bxf5 38. Re1 Be6 39. Kh2 Bd5 40. Rxd5 cxd5 41. Bg3 Re6 42. Rd1 Bd6 43. Rxd5 Bxg3+ 44. Kxg3 Rg6+ 45. Kxh3 Re3 46. Rf5 Ne6 47. Kh4 Re4+ 48. Kh3 Rf4 0-1

[Event "WchT 9th"]
[Site "Antalya"]
[Date "2013.12.04"]
[Round "8.1"]
[White "Abdel Razik, Khaled"]
[Black "Safarli, Eltaj"]
[Result "0-1"]
[WhiteElo "2450"]
[BlackElo "2653"]
[PlyCount "62"]
[EventDate "2013.11.26"]
[EventType "team-tourn"]
[EventRounds "9"]
[EventCountry "TUR"]
[SourceTitle "CBM 158"]
[Source "ChessBase"]
[SourceDate "2014.01.16"]
[SourceVersion "1"]
[SourceVersionDate "2014.01.16"]
[SourceQuality "1"]
[WhiteTeam "Egypt"]
[BlackTeam "Azerbaijan"]
[WhiteTeamCountry "EGY"]
[BlackTeamCountry "AZE"]

1. d4 Nf6 2. c4 g6 3. Nc3 d5 4. Bf4 Bg7 5. e3 0-0 6. Rc1 Be6 7. Qb3 b6 8. Nf3 c5 9. dxc5 Na6 10. Qa3 Nxc5 11. Rd1 a5 12. Be2 Nce4 13. Nxe4 Nxe4 14. 0-0 Qd7 15. Ng5 Nxg5 16. Bxg5 Qc6 17. Bxe7 Rfe8 18. Bh4 Rac8 19. cxd5 Bxd5 20. Rxd5 Qxd5 21. b3 Bf8 22. Qb2 Qe4 23. Bf6 Rc2 24. Bf3 Rxb2 25. Bxe4 Rxa2 26. Bd5 Bg7 27. Bh4 Rc8 28. f4 b5 29. f5 gxf5 30. g4 Ra1 31. Be1 Bc3 0-1

[Event "WchT 9th"]
[Site "Antalya"]
[Date "2013.12.03"]
[Round "7.2"]
[White "Abdel Razik, Khaled"]
[Black "Moiseenko, Alexander"]
[Result "1/2-1/2"]
[WhiteElo "2450"]
[BlackElo "2709"]
[PlyCount "140"]
[EventDate "2013.11.26"]
[EventType "team-tourn"]
[EventRounds "9"]
[EventCountry "TUR"]
[SourceTitle "CBM 158"]
[Source "ChessBase"]
[SourceDate "2014.01.16"]
[SourceVersion "1"]
[SourceVersionDate "2014.01.16"]
[SourceQuality "1"]
[WhiteTeam "Egypt"]
[BlackTeam "Ukraine"]
[WhiteTeamCountry "EGY"]
[BlackTeamCountry "UKR"]

1. d4 Nf6 2. c4 e6 3. g3 Bb4+ 4. Bd2 a5 5. Bg2 d6 6. e4 e5 7. Ne2 0-0 8. 0-0 Re8 9. d5 Na6 10. Nbc3 c6 11. h3 cxd5 12. cxd5 Bc5 13. Kh2 Bd7 14. f4 b5 15. fxe5 Rxe5 16. Bf4 Rh5 17. Ng1 Bxg1+ 18. Kxg1 Bxh3 19. Bxh3 Rxh3 20. Qf3 Qd7 21. Rae1 Ng4 22. Nxb5 Nh2 23. Qe2 Nxf1 24. Rxf1 g5 25. Bxd6 Rh6 26. e5 Qh3 27. Qg2 Nb4 28. Qxh3 Rxh3 29. e6 fxe6 30. dxe6 Nc6 31. e7 Nxe7 32. Kg2 g4 33. Bxe7 Re8 34. Rf4 Rh5 35. Rxg4+ Kf7 36. Nd6+ Kxe7 37. Nxe8 Kxe8 38. Kf3 Rh2 39. Re4+ Kf7 40. Re2 Rh1 41. Re5 Rh2 42. Rb5 a4 43. a3 h5 44. Ke3 Kg6 45. Rb4 Kg5 46. Kf3 Rc2 47. Rb5+ Kg6 48. Rb8 Kf5 49. Rb5+ Kg6 50. Rb7 Kf5 51. Rb4 Kg5 52. Rxa4 Rxb2 53. Rb4 Ra2 54. Rb5+ Kg6 55. Ra5 Rc2 56. Ra8 Rc4 57. a4 h4 58. gxh4 Rxh4 59. a5 Kg7 60. a6 Rh6 61. Ke4 Re6+ 62. Kd5 Rf6 63. Kc5 Rf5+ 64. Kd4 Rf6 65. Ra7+ Kg8 66. Kd5 Rb6 67. Ra8+ Kg7 68. Ke5 Rc6 69. Kd4 Rd6+ 70. Kc5 Rf6 1/2-1/2

[Event "Africa-ch op"]
[Site "Tunis"]
[Date "2013.05.27"]
[Round "9"]
[White "Abdel Razik, Khaled"]
[Black "Van den Heever, Donovan"]
[Result "1-0"]
[WhiteElo "2444"]
[BlackElo "2280"]
[PlyCount "67"]
[EventDate "2013.05.18"]
[EventType "swiss"]
[EventRounds "9"]
[EventCountry "TUN"]
[SourceTitle "CBM 154 Extra"]
[Source "ChessBase"]
[SourceDate "2013.06.25"]
[SourceVersion "2"]
[SourceVersionDate "2013.06.25"]
[SourceQuality "1"]

1. Nf3 c5 2. g3 d5 3. c4 d4 4. b4 cxb4 5. a3 b3 6. d3 e5 7. Nbd2 Nc6 8. Bg2 Bd6 9. 0-0 Nge7 10. Qxb3 0-0 11. a4 Na5 12. Qa2 Nec6 13. Ne4 Be7 14. Ba3 Bxa3 15. Qxa3 Bg4 16. h3 Be6 17. Rfb1 f6 18. Nc5 Bc8 19. Nd2 Qe7 20. Ndb3 Nxb3 21. Rxb3 Re8 22. a5 a6 23. Rb6 Nd8 24. Ne4 Nf7 25. Nc5 Ra7 26. Kh2 f5 27. Bd5 Kh8 28. Ne6 g6 29. Qb2 h5 30. Rg1 h4 31. g4 fxg4 32. hxg4 Kh7 33. f3 Qf6 34. Nf8+ 1-0

[Event "Africa-ch op"]
[Site "Tunis"]
[Date "2013.05.25"]
[Round "7"]
[White "Abdel Razik, Khaled"]
[Black "Adly, Ahmed"]
[Result "0-1"]
[WhiteElo "2444"]
[BlackElo "2594"]
[PlyCount "76"]
[EventDate "2013.05.18"]
[EventType "swiss"]
[EventRounds "9"]
[EventCountry "TUN"]
[SourceTitle "CBM 154 Extra"]
[Source "ChessBase"]
[SourceDate "2013.06.25"]
[SourceVersion "2"]
[SourceVersionDate "2013.06.25"]
[SourceQuality "1"]

1. Nf3 Nf6 2. d4 e6 3. c4 d5 4. g3 dxc4 5. Bg2 Nbd7 6. Qa4 a6 7. Qxc4 b5 8. Qc2 Bb7 9. 0-0 c5 10. Nbd2 Rc8 11. Qd3 cxd4 12. Qxd4 Bc5 13. Qh4 Be7 14. Qd4 0-0 15. Nb3 Nd5 16. Qd1 Qc7 17. Bd2 Qb8 18. Rc1 Bf6 19. Rxc8 Rxc8 20. Qb1 N5b6 21. Na5 Bd5 22. Ng5 Bxg5 23. Bxg5 Bxg2 24. Kxg2 Qe5 25. Be3 Nd5 26. Rc1 Nxe3+ 27. fxe3 Qd5+ 28. Kf2 Rxc1 29. Qxc1 Nc5 30. Nb3 Ne4+ 31. Kg1 g6 32. Qe1 Qg5 33. Qc1 Qf6 34. Nd4 Qf2+ 35. Kh1 e5 36. Nf3 Qxe2 37. Nxe5 Nf2+ 38. Kg1 Nd1 0-1

[Event "Africa-ch op"]
[Site "Tunis"]
[Date "2013.05.22"]
[Round "5"]
[White "Abdel Razik, Khaled"]
[Black "Zaibi, Amir"]
[Result "1-0"]
[WhiteElo "2444"]
[BlackElo "2285"]
[PlyCount "67"]
[EventDate "2013.05.18"]
[EventType "swiss"]
[EventRounds "9"]
[EventCountry "TUN"]
[SourceTitle "CBM 154 Extra"]
[Source "ChessBase"]
[SourceDate "2013.06.25"]
[SourceVersion "2"]
[SourceVersionDate "2013.06.25"]
[SourceQuality "1"]

1. c4 b6 2. Nf3 Bb7 3. e3 e6 4. Be2 Nf6 5. b3 Be7 6. Bb2 0-0 7. 0-0 d5 8. d3 dxc4 9. bxc4 c5 10. Ne5 Nfd7 11. f4 Nxe5 12. fxe5 Bg5 13. Qd2 Nc6 14. Bf3 Rb8 15. Qe2 Ne7 16. Bxb7 Rxb7 17. Nc3 Nf5 18. Rf3 Rd7 19. Rd1 Qa8 20. Ne4 Be7 21. Nf6+ Bxf6 22. exf6 Rfd8 23. fxg7 Nh4 24. Rh3 Qxg2+ 25. Qxg2 Nxg2 26. Kxg2 Rxd3 27. Rxd3 Rxd3 28. Rf3 a5 29. e4 Rd2+ 30. Rf2 Rd7 31. Bf6 a4 32. Rb2 Rd6 33. e5 Rc6 34. Kf3 1-0

[Event "EGY-ch"]
[Site "Cairo"]
[Date "2013.04.02"]
[Round "8"]
[White "Ezat, Mohamed Mahmoud"]
[Black "Abdel Razik, Khaled"]
[Result "1/2-1/2"]
[WhiteElo "2461"]
[BlackElo "2435"]
[PlyCount "37"]
[EventDate "2013.03.26"]
[EventType "swiss"]
[EventRounds "9"]
[EventCountry "EGY"]
[SourceTitle "CBM 153 Extra"]
[Source "ChessBase"]
[SourceDate "2013.04.22"]
[SourceVersion "1"]
[SourceVersionDate "2013.04.22"]
[SourceQuality "1"]

1. d4 Nf6 2. c4 c5 3. d5 b5 4. cxb5 a6 5. bxa6 Bxa6 6. Nc3 d6 7. Nf3 g6 8. g3 Bg7 9. Bg2 0-0 10. Rb1 Nbd7 11. b3 Qa5 12. Bd2 Rfb8 13. 0-0 Ng4 14. Qc2 Qa3 15. Bc1 Qa5 16. Bd2 Qa3 17. Bc1 Qa5 18. Bd2 Qa3 19. Rfc1 1/2-1/2

[Event "Al Ain op 1st"]
[Site "Al Ain"]
[Date "2012.12.24"]
[Round "3"]
[White "Kotanjian, Tigran"]
[Black "Abdel Razik, Khaled"]
[Result "1-0"]
[WhiteElo "2518"]
[BlackElo "2448"]
[PlyCount "55"]
[EventDate "2012.12.22"]
[EventType "swiss"]
[EventRounds "9"]
[EventCountry "UAE"]
[SourceTitle "CBM 152 Extra"]
[Source "ChessBase"]
[SourceDate "2013.02.25"]
[SourceVersion "1"]
[SourceVersionDate "2013.02.25"]
[SourceQuality "1"]

1. d4 d5 2. c4 e6 3. Nc3 c5 4. cxd5 exd5 5. Nf3 Nc6 6. g3 Nf6 7. Bg2 Be7 8. 0-0 0-0 9. dxc5 Bxc5 10. a3 Re8 11. b4 Bb6 12. Bb2 Bg4 13. Na4 Ne4 14. Nxb6 Qxb6 15. Nd4 Nxd4 16. Bxd4 Bxe2 17. Bxb6 Bxd1 18. Rfxd1 axb6 19. Rxd5 Nc3 20. Rd3 Ne2+ 21. Kf1 Re7 22. Bf3 Rae8 23. a4 g5 24. a5 b5 25. Re3 Nd4 26. Bxb7 Nc2 27. Rxe7 Rxe7 28. Rc1 1-0